American Dad - Statistics

General Stats
  • This quiz has been taken 406 times
    396 since last reset
  • The average score is 6 of 15
Answer Stats
Hint Answer % Correct
Where does Stan work? CIA
96%
What is the alien's name? Roger
94%
Who is Hayley's husband? Jeff
59%
Who is Steve's Jewish Friend? Snot
56%
Who is Steve's obese friend? Barry
49%
Who is Steve's Asian friend? Toshi
48%
What city do the Smiths live in? Langley Falls
44%
What drug does Hayley occasionally use? Marijwana
39%
Which celebrity does Francine Hate? George Clooney
35%
Who created American Dad? Seth MacFarlane
31%
What association was Stan in? NGA
4%
What syndrome does Francine have? Empty Nest Syndrome
1%
How many seasons have there been of American Dad 7
0%
What is the alien addicted to? Alcohol
0%
What is the fish's name? Klaus
0%
No matching quizzes found
Score Distribution
Percent of People with Each Score
Percentile by Number Answered
Your Score History
You have not taken this quiz since the last reset